00703nam a2200181 4500001000700000003000900007005001700016007000300033008004100036100003000077245013900107260006600246300002200312500010100334655001400435710003500449852003700484143690ES-MaACL20251220172720.0t|070214s1956 sp r ||||1| spa d1 aSetién, José María.10aDiscurso inaugural pronunciado en la solemne apertura del curso académico 1956-57 / cpor el Dr. D. José María Setién Alberro. aVitoria : b[s. n.], c1956 (fImp. del Montepío Diocesano) a144 p. ; c21 cm. aPrecede al tít.: Seminario Diocesano de Vitoria, Institutos Seculares para el Clero Diocesano. 4aDiscursos20aSeminario Diocesano de Vitoria aES-MaACLbR.41003cSPALjC-12406